[Event "WchT Seniors 50"]
[Site "Rhodes"]
[Date "2019.04.17"]
[Round "2.2"]
[White "Stangl, Markus"]
[Black "Benjamin, Joel"]
[Result "1/2-1/2"]
[WhiteElo "2432"]
[BlackElo "2523"]
[PlyCount "40"]
[EventDate "2019.04.16"]
[EventType "team-swiss"]
[EventRounds "9"]
[EventCountry "GRE"]
[SourceTitle "CBM 190 Extra"]
[Source "ChessBase"]
[SourceDate "2019.07.15"]
[SourceVersion "1"]
[SourceVersionDate "2019.07.15"]
[SourceQuality "1"]
[WhiteTeam "Germany"]
[BlackTeam "United States"]
[WhiteTeamCountry "GER"]
[BlackTeamCountry "USA"]

1. e4 e5 2. Nf3 Nc6 3. Nc3 Nf6 4. d4 Bb4 5. Nxe5 Qe7 6. Qd3 Nxe5 7. dxe5 Qxe5 8. Bd2 0-0 9. 0-0-0 d6 10. f4 Qe6 11. Re1 c6 12. e5 dxe5 13. Rxe5 Qd7 14. Qxd7 Bxd7 15. Bd3 Rfe8 16. Ree1 Rxe1+ 17. Rxe1 Re8 18. Rxe8+ Bxe8 19. Ne4 Bxd2+ 20. Kxd2 Nxe4+ 1/2-1/2

[Event "Bundesliga 1415"]
[Site "Germany"]
[Date "2015.04.12"]
[Round "15.5"]
[White "Stangl, Markus"]
[Black "Trent, Lawrence"]
[Result "1/2-1/2"]
[WhiteElo "2438"]
[BlackElo "2473"]
[PlyCount "80"]
[EventDate "2014.10.18"]
[EventType "team-tourn"]
[EventRounds "15"]
[EventCountry "GER"]
[SourceTitle "CBM 166"]
[Source "ChessBase"]
[SourceDate "2015.05.11"]
[SourceVersion "1"]
[SourceVersionDate "2015.05.11"]
[SourceQuality "1"]
[WhiteTeam "Bayern Muenchen"]
[BlackTeam "Katernberg"]
[WhiteTeamCountry "GER"]
[BlackTeamCountry "GER"]

1. Nf3 d6 2. d4 Bg4 3. e4 Nf6 4. Nc3 e6 5. h3 Bh5 6. Qe2 c6 7. g4 Bg6 8. Bg5 Be7 9. Bxf6 Bxf6 10. h4 h6 11. 0-0-0 Nd7 12. Qe3 Qb6 13. h5 Bh7 14. g5 hxg5 15. Nxg5 e5 16. Ne2 Qa5 17. Nxh7 Rxh7 18. Qb3 exd4 19. Nxd4 Nc5 20. Qc4 Kf8 21. Rh3 Re8 22. f3 d5 23. Nb3 dxc4 24. Nxa5 c3 25. b4 Ne6 26. Rd7 Bg5+ 27. Kb1 Rd8 28. Rxd8+ Nxd8 29. a4 Rh6 30. Ka2 Rd6 31. f4 Bxf4 32. Rxc3 Ke7 33. Rf3 Rf6 34. Nc4 Bc7 35. Nd2 Ne6 36. Bh3 Rxf3 37. Nxf3 Nf4 38. Bg4 a5 39. Kb3 Ne2 40. Bc8 b6 1/2-1/2

[Event "Bundesliga 1415"]
[Site "Germany"]
[Date "2015.03.14"]
[Round "12.7"]
[White "Stangl, Markus"]
[Black "Tischbierek, Raj"]
[Result "1/2-1/2"]
[WhiteElo "2438"]
[BlackElo "2414"]
[PlyCount "68"]
[EventDate "2014.10.18"]
[EventType "team-tourn"]
[EventRounds "15"]
[EventCountry "GER"]
[SourceTitle "CBM 166"]
[Source "ChessBase"]
[SourceDate "2015.05.11"]
[SourceVersion "1"]
[SourceVersionDate "2015.05.11"]
[SourceQuality "1"]
[WhiteTeam "Bayern Muenchen"]
[BlackTeam "Dresden TU"]
[WhiteTeamCountry "GER"]
[BlackTeamCountry "GER"]

1. Nf3 d5 2. d4 Nf6 3. c4 c6 4. Nc3 dxc4 5. a4 Na6 6. e4 Bg4 7. Bxc4 Bxf3 8. gxf3 e6 9. Be3 Nb4 10. a5 Be7 11. Qb3 b5 12. axb6 axb6 13. 0-0 0-0 14. Ra3 b5 15. Be2 Na6 16. Ra2 Nb4 17. Ra3 Na6 18. Raa1 Qb8 19. Rfc1 Qb7 20. d5 exd5 21. exd5 Nc5 22. Qc2 cxd5 23. Nxb5 Ne6 24. Rxa8 Rxa8 25. Qc6 Qxc6 26. Rxc6 Rb8 27. Ba7 Rb7 28. Rc8+ Bf8 29. Bb8 g6 30. Be5 Nd7 31. Bc3 Nb6 32. Re8 Ng7 33. Rd8 Ne6 34. Re8 Ng7 1/2-1/2

[Event "Bundesliga 1415"]
[Site "Germany"]
[Date "2015.02.21"]
[Round "10.1"]
[White "Bluebaum, Matthias"]
[Black "Stangl, Markus"]
[Result "1-0"]
[WhiteElo "2530"]
[BlackElo "2438"]
[PlyCount "111"]
[EventDate "2014.10.18"]
[EventType "team-tourn"]
[EventRounds "15"]
[EventCountry "GER"]
[SourceTitle "CBM 165"]
[Source "ChessBase"]
[SourceDate "2015.03.11"]
[SourceVersion "1"]
[SourceVersionDate "2015.03.11"]
[SourceQuality "1"]
[WhiteTeam "Werder Bremen"]
[BlackTeam "Bayern Muenchen"]
[WhiteTeamCountry "GER"]
[BlackTeamCountry "GER"]

1. d4 d5 2. c4 e6 3. Nf3 c6 4. Qc2 dxc4 5. Qxc4 b5 6. Qc2 Bb7 7. e4 Nd7 8. Bd3 a6 9. a4 h6 10. 0-0 Ngf6 11. Nbd2 Rc8 12. Qb1 b4 13. Nc4 Be7 14. Bf4 Nb8 15. a5 Nh5 16. Be3 c5 17. d5 exd5 18. exd5 Bxd5 19. Be2 Nf6 20. Rd1 Qc7 21. Nb6 Rd8 22. Qf5 Be6 23. Rxd8+ Qxd8 24. Qc2 Qc7 25. Nd4 Bg4 26. Nf5 Bxf5 27. Qxf5 0-0 28. Rd1 Bd6 29. g3 Re8 30. Nc4 Bf8 31. Bf3 Nbd7 32. Bf4 Qc8 33. Kg2 Re6 34. b3 g6 35. Qd3 g5 36. Bc1 g4 37. Be2 Qc6+ 38. Kg1 h5 39. Bf1 Qe4 40. Qxe4 Rxe4 41. Bb2 Re6 42. Bd3 Rc6 43. Bf5 Rc7 44. Nb6 Nxb6 45. axb6 Rb7 46. Bxf6 Rxb6 47. Bd8 Rb8 48. Bc7 Rb7 49. Be5 Rb5 50. Rd5 Be7 51. Bd3 Rb6 52. Bc4 h4 53. Rd7 Kf8 54. Ra7 f6 55. Bc7 Rc6 56. Bd5 1-0

[Event "AUT-chT 1314"]
[Site "Austria"]
[Date "2013.12.08"]
[Round "3.6"]
[White "Thiede, Lars"]
[Black "Stangl, Markus"]
[Result "1-0"]
[WhiteElo "2440"]
[BlackElo "2442"]
[PlyCount "75"]
[EventDate "2013.12.06"]
[EventType "team-tourn"]
[EventRounds "11"]
[EventCountry "AUT"]
[SourceTitle "CBM 157 Extra"]
[Source "ChessBase"]
[SourceDate "2013.12.19"]
[SourceVersion "1"]
[SourceVersionDate "2013.12.19"]
[SourceQuality "1"]
[WhiteTeam "Wulkaprodersdorf"]
[BlackTeam "Jenbach"]
[WhiteTeamCountry "AUT"]
[BlackTeamCountry "AUT"]

1. c4 c5 2. g3 Nc6 3. Bg2 g6 4. Nc3 Bg7 5. d3 d6 6. Nf3 Bf5 7. Bd2 Nf6 8. a3 0-0 9. Rb1 Rc8 10. b4 Qd7 11. h3 h6 12. Qc1 g5 13. g4 Bg6 14. h4 Qxg4 15. Bh3 Qh5 16. hxg5 hxg5 17. Bxg5 Nd4 18. Nxd4 cxd4 19. Bg2 Qg4 20. Bf3 Qe6 21. Bh6 Nh7 22. Bxg7 Kxg7 23. Qh6+ Kh8 24. Ne4 Bf5 25. Qh4 f6 26. Kd2 b5 27. Ng3 Bg6 28. Bd5 Qe5 29. Qh6 Qg5+ 30. f4 Qxh6 31. Rxh6 Kg7 32. Rbh1 f5 33. cxb5 Rf6 34. Rxh7+ Bxh7 35. Nh5+ Kg6 36. Nxf6 exf6 37. Rc1 Rb8 38. a4 1-0

[Event "ITA-chT 41st"]
[Site "Senigallia"]
[Date "2009.05.02"]
[Round "6"]
[White "Stangl, Markus"]
[Black "Rombaldoni, Axel"]
[Result "0-1"]
[WhiteElo "2458"]
[BlackElo "2363"]
[PlyCount "74"]
[EventDate "2009.04.30"]
[EventType "team-tourn"]
[EventRounds "7"]
[EventCountry "ITA"]
[SourceTitle "CBM 130 Extra"]
[Source "ChessBase"]
[SourceDate "2009.07.02"]
[SourceVersion "2"]
[SourceVersionDate "2009.07.15"]
[SourceQuality "1"]

1. Nf3 d5 2. c4 d4 3. e4 c5 4. d3 Nc6 5. g3 e5 6. Bg2 Be7 7. 0-0 h5 8. a3 a5 9. h4 a4 10. Nbd2 Nh6 11. b4 axb3 12. Rb1 f6 13. Rxb3 g5 14. hxg5 fxg5 15. Nh2 g4 16. f4 h4 17. f5 hxg3 18. Nxg4 Bg5 19. Bh3 Bxd2 20. Bxd2 Qh4 21. Nxh6 Qxh3 22. Qe2 Rxh6 23. Bxh6 Qxh6 24. Rf3 Bd7 25. Rxg3 0-0-0 26. Rb1 Rh8 27. Qg2 Ne7 28. Rf1 Qf6 29. Rg7 Rh5 30. Rf3 Bc6 31. Rgg3 Rh8 32. Rh3 Rf8 33. Rh7 Kb8 34. Qg7 Rg8 35. Rg3 Rxg7 36. Rgxg7 Nxf5 37. exf5 Qxf5 0-1

[Event "ITA-chT 41st"]
[Site "Senigallia"]
[Date "2009.04.30"]
[Round "1"]
[White "Stangl, Markus"]
[Black "Bentivegna, Francesco"]
[Result "1-0"]
[WhiteElo "2458"]
[BlackElo "2326"]
[PlyCount "69"]
[EventDate "2009.04.30"]
[EventType "team-tourn"]
[EventRounds "7"]
[EventCountry "ITA"]
[SourceTitle "CBM 130 Extra"]
[Source "ChessBase"]
[SourceDate "2009.07.02"]
[SourceVersion "2"]
[SourceVersionDate "2009.07.15"]
[SourceQuality "1"]

1. Nf3 d5 2. c4 dxc4 3. Na3 a6 4. Nxc4 b5 5. Ne3 Bb7 6. d4 e6 7. a4 Nd7 8. g3 Ngf6 9. Bg2 Bd6 10. Qb3 0-0 11. axb5 axb5 12. Rxa8 Qxa8 13. Qxb5 Rb8 14. Qc4 Nb6 15. Qb3 Qa5+ 16. Nd2 Ba6 17. Bf3 c5 18. dxc5 Nbd5 19. Qa3 Qxa3 20. bxa3 Bxc5 21. Nxd5 Nxd5 22. Ne4 Be7 23. 0-0 Rb3 24. Rd1 Bxa3 25. Bxa3 Rxa3 26. Nc5 h6 27. Rb1 Kh7 28. Rb8 Bc4 29. Rb7 Kg8 30. Nd7 Ra8 31. Nc5 Ba6 32. Rd7 Rf8 33. Ra7 Bb5 34. Bh5 Be8 35. Bg4 1-0

[Event "AUT-chT 0809"]
[Site "Austria"]
[Date "2009.03.22"]
[Round "11.5"]
[White "Stangl, Markus"]
[Black "Ribli, Zoltan"]
[Result "1/2-1/2"]
[WhiteElo "2458"]
[BlackElo "2577"]
[PlyCount "25"]
[EventDate "2008.11.07"]
[EventType "team-tourn"]
[EventRounds "11"]
[EventCountry "AUT"]
[SourceTitle "EXT 2010"]
[Source "ChessBase"]
[SourceDate "2010.11.25"]
[SourceVersion "1"]
[SourceVersionDate "2010.11.25"]
[SourceQuality "1"]
[WhiteTeam "Jenbach"]
[BlackTeam "Graz Styria"]
[WhiteTeamCountry "AUT"]
[BlackTeamCountry "AUT"]

1. Nf3 Nf6 2. c4 e6 3. g3 d5 4. Bg2 Be7 5. 0-0 0-0 6. d4 dxc4 7. Qc2 a6 8. a4 Bd7 9. Qxc4 Bc6 10. Bg5 Bd5 11. Qc2 Be4 12. Qb3 Bd5 13. Qc2 1/2-1/2

[Event "AUT-chT 0809"]
[Site "Austria"]
[Date "2009.01.23"]
[Round "5.4"]
[White "Cvek, Robert"]
[Black "Stangl, Markus"]
[Result "1/2-1/2"]
[WhiteElo "2531"]
[BlackElo "2458"]
[PlyCount "187"]
[EventDate "2008.11.07"]
[EventType "team-tourn"]
[EventRounds "11"]
[EventCountry "AUT"]
[SourceTitle "EXT 2010"]
[Source "ChessBase"]
[SourceDate "2010.11.25"]
[SourceVersion "1"]
[SourceVersionDate "2010.11.25"]
[SourceQuality "1"]
[WhiteTeam "Pamhagen"]
[BlackTeam "Jenbach"]
[WhiteTeamCountry "AUT"]
[BlackTeamCountry "AUT"]

1. Nf3 d5 2. c4 d4 3. g3 g6 4. Bg2 Bg7 5. 0-0 e5 6. d3 a5 7. Na3 Ne7 8. e3 dxe3 9. Bxe3 Nbc6 10. Nb5 0-0 11. a3 Nf5 12. Bg5 f6 13. Bd2 Be6 14. Qc2 Qd7 15. Rad1 Rfd8 16. Rfe1 Qf7 17. Bc3 Rd7 18. Nd2 Bf8 19. Nb3 h5 20. Kh1 Be7 21. Qe2 a4 22. Nd2 Rad8 23. Bxc6 bxc6 24. Na7 Rxd3 25. Nxc6 R8d7 26. Bxe5 Bxc4 27. Nxe7+ Nxe7 28. Nxc4 Qd5+ 29. Kg1 Rxd1 30. Bc3 Rxe1+ 31. Bxe1 Nf5 32. Bc3 Re7 33. Ne3 Qe6 34. Bb4 Rd7 35. Bc5 Nd4 36. Bxd4 Rxd4 37. Qc2 Qf7 38. h4 Kg7 39. Qc3 Qd7 40. Kg2 Rd3 41. Qc2 Rb3 42. Kg1 Qd6 43. Ng2 Qe5 44. Nf4 f5 45. Nd3 Qe7 46. Nf4 c5 47. Kh2 Qe5 48. Qd2 Qxb2 49. Qd7+ Kh6 50. Kg2 Qg7 51. Qxa4 Qb7+ 52. Kh2 Rb1 53. Ng2 Rf1 54. Qe8 Kh7 55. Qe2 Ra1 56. Qc4 Qa7 57. Nf4 Rxa3 58. Ne6 Ra6 59. Ng5+ Kg7 60. Qc3+ Kg8 61. Qc4+ Kf8 62. Qc3 Ke8 63. Qe5+ Kd7 64. Qd5+ Kc7 65. Nf7 Qb6 66. Ne5 Qd6 67. Qf7+ Kc8 68. Qe8+ Kb7 69. Nc4 Qd4 70. Qe7+ Kc8 71. Qf8+ Kd7 72. Qf7+ Kc6 73. Qe8+ Kc7 74. Qe7+ Kc8 75. Qf8+ Qd8 76. Qxc5+ Qc7 77. Qb5 Rc6 78. Ne5 Rb6 79. Qe8+ Qd8 80. Qa4 Kb7 81. Nd7 Rd6 82. Nc5+ Kb6 83. Qb4+ Kc6 84. Nb7 Qb8 85. Qxd6+ Qxd6 86. Nxd6 Kxd6 87. Kg2 Ke5 88. Kf3 f4 89. g4 hxg4+ 90. Kxg4 Ke4 91. Kg5 Kf3 92. Kxg6 Kxf2 93. h5 Ke2 94. h6 1/2-1/2

[Event "Warsaw AIG Life rapid 8th"]
[Site "Warsaw"]
[Date "2008.12.21"]
[Round "12"]
[White "Krasenkow, Michal"]
[Black "Stangl, Markus"]
[Result "1-0"]
[WhiteElo "2624"]
[BlackElo "2458"]
[PlyCount "83"]
[EventDate "2008.12.20"]
[EventType "swiss (rapid)"]
[EventRounds "13"]
[EventCountry "POL"]
[SourceTitle "CBM 127 Extra"]
[Source "ChessBase"]
[SourceDate "2009.01.08"]
[SourceVersion "2"]
[SourceVersionDate "2009.01.28"]
[SourceQuality "1"]

1. Nf3 c5 2. c4 Nf6 3. Nc3 b6 4. e4 d6 5. d4 cxd4 6. Nxd4 Bb7 7. Bd3 g6 8. b3 Bg7 9. Bb2 0-0 10. 0-0 Nbd7 11. Qe2 a6 12. Rad1 Re8 13. a4 Rc8 14. Bc2 e6 15. f4 e5 16. fxe5 Nxe5 17. Ba3 d5 18. Nxd5 Nxd5 19. cxd5 Qh4 20. Bd6 Bxd5 21. Bxe5 Bxe5 22. Nf3 Qh5 23. Rxd5 Bxh2+ 24. Kf2 Bg3+ 25. Kxg3 Qxd5 26. exd5 Rxe2 27. Bd3 Re3 28. Bxa6 Rd8 29. Bc4 f5 30. d6+ Kg7 31. Rd1 Kf6 32. Kf2 Rc3 33. d7 Rc2+ 34. Kg1 g5 35. Bb5 Rc5 36. Rd6+ Ke7 37. Rxb6 g4 38. Nd4 g3 39. Nc6+ Kxd7 40. Nxd8+ Kxd8 41. Bf1 Rc1 42. Rb8+ 1-0

[Event "Warsaw AIG Life rapid 8th"]
[Site "Warsaw"]
[Date "2008.12.21"]
[Round "13"]
[White "Stangl, Markus"]
[Black "Azarova, Nadezhda"]
[Result "1-0"]
[WhiteElo "2458"]
[BlackElo "2308"]
[PlyCount "75"]
[EventDate "2008.12.20"]
[EventType "swiss (rapid)"]
[EventRounds "13"]
[EventCountry "POL"]
[SourceTitle "CBM 127 Extra"]
[Source "ChessBase"]
[SourceDate "2009.01.08"]
[SourceVersion "2"]
[SourceVersionDate "2009.01.28"]
[SourceQuality "1"]

1. Nf3 Nf6 2. c4 b6 3. g3 c5 4. Bg2 Bb7 5. 0-0 g6 6. d4 cxd4 7. Qxd4 Bg7 8. Qh4 h6 9. Nc3 Qc8 10. Rd1 Nc6 11. Qf4 d6 12. Rb1 0-0 13. h3 Qc7 14. b3 Rad8 15. Bb2 Qb8 16. Rbc1 Nd7 17. Qd2 Rfe8 18. Nd5 e6 19. Bxg7 Kxg7 20. Qb2+ f6 21. Nf4 e5 22. Nd5 Nc5 23. b4 Ne6 24. e3 Ba8 25. Nh4 Qb7 26. b5 Ne7 27. Nxf6 Qc7 28. Nxe8+ Rxe8 29. f4 Qc5 30. Rd3 Bxg2 31. Kxg2 Kh7 32. Qa3 Qc7 33. Qxd6 Qb7+ 34. Kh2 Nc5 35. Rd2 exf4 36. exf4 Ne4 37. Qd7 Qa8 38. Re2 1-0

[Event "Warsaw AIG Life rapid 8th"]
[Site "Warsaw"]
[Date "2008.12.20"]
[Round "8"]
[White "Bartel, Mateusz"]
[Black "Stangl, Markus"]
[Result "1/2-1/2"]
[WhiteElo "2602"]
[BlackElo "2458"]
[PlyCount "121"]
[EventDate "2008.12.20"]
[EventType "swiss (rapid)"]
[EventRounds "13"]
[EventCountry "POL"]
[SourceTitle "CBM 127 Extra"]
[Source "ChessBase"]
[SourceDate "2009.01.08"]
[SourceVersion "2"]
[SourceVersionDate "2009.01.28"]
[SourceQuality "1"]

1. e4 c5 2. Nf3 e6 3. d4 cxd4 4. Nxd4 a6 5. Bd3 Qc7 6. 0-0 Nf6 7. Qe2 d6 8. b3 g6 9. Bb2 Bg7 10. Nd2 0-0 11. a4 Bd7 12. f4 Nc6 13. N2f3 Nh5 14. g3 Nxd4 15. Nxd4 Qc5 16. Qf2 e5 17. fxe5 Bxe5 18. c3 Rac8 19. Rac1 Nf6 20. Nf3 Qxf2+ 21. Rxf2 Ng4 22. Re2 Bg7 23. c4 Rfe8 24. Bxg7 Kxg7 25. Rce1 Re7 26. Bc2 b5 27. cxb5 axb5 28. a5 b4 29. Nd4 Ra8 30. Ra1 Ne5 31. Rd2 Bc8 32. Bd1 Rea7 33. Rda2 Ba6 34. Nc2 Nc6 35. e5 d5 36. Bf3 Rd8 37. Rd1 Rad7 38. Kf2 h5 39. h4 Kh6 40. Rd2 Kg7 41. Ra4 Bb5 42. Ra1 Ba6 43. Rad1 Nxa5 44. Nxb4 Bb7 45. Rb1 d4 46. Nd3 Rc8 47. Bxb7 Rxb7 48. b4 Nc4 49. Rc2 Nxe5 50. Rxc8 Nxd3+ 51. Kf3 Rxb4 52. Rxb4 Nxb4 53. Ke4 d3 54. Rc4 d2 55. Rd4 Nc6 56. Rxd2 Ne7 57. Kf4 Nf5 58. Rd3 Nh6 59. Kf3 Ng4 60. Rd4 Ne5+ 61. Kf4 1/2-1/2

[Event "Bundesliga 0304"]
[Site "Germany"]
[Date "2004.04.24"]
[Round "14.7"]
[White "Stangl, Markus"]
[Black "Ellers, Holger"]
[Result "1-0"]
[WhiteElo "2493"]
[BlackElo "2402"]
[PlyCount "49"]
[EventDate "2003.11.01"]
[EventType "team-tourn"]
[EventRounds "15"]
[EventCountry "GER"]
[SourceTitle "CBM 101"]
[Source "ChessBase"]
[SourceDate "2004.07.27"]
[SourceVersion "1"]
[SourceVersionDate "2004.07.27"]
[SourceQuality "1"]
[WhiteTeam "Tegernsee"]
[BlackTeam "Wattenscheid"]
[WhiteTeamCountry "GER"]
[BlackTeamCountry "GER"]

1. Nf3 Nf6 2. c4 g6 3. d4 Bg7 4. g3 0-0 5. Bg2 c6 6. Nc3 d5 7. Qb3 dxc4 8. Qxc4 b5 9. Qd3 b4 10. Na4 Qa5 11. Nc5 Nfd7 12. Nb3 Qb6 13. 0-0 a5 14. Bf4 Ba6 15. Qe3 Bc4 16. Bh6 Nf6 17. Bxg7 Kxg7 18. Nc5 Na6 19. Ne5 Nxc5 20. dxc5 Qa6 21. Nxc4 Qxc4 22. Bxc6 Ra6 23. Rfc1 Qg4 24. Bf3 Qh3 25. c6 1-0

[Event "Bundesliga 0304"]
[Site "Germany"]
[Date "2004.03.28"]
[Round "13.7"]
[White "Stangl, Markus"]
[Black "Martinovic, Slobodan"]
[Result "1/2-1/2"]
[WhiteElo "2493"]
[BlackElo "2466"]
[PlyCount "49"]
[EventDate "2003.11.01"]
[EventType "team-tourn"]
[EventRounds "15"]
[EventCountry "GER"]
[SourceTitle "CBM 100"]
[Source "ChessBase"]
[SourceDate "2004.06.01"]
[SourceVersion "1"]
[SourceVersionDate "2004.06.01"]
[SourceQuality "1"]
[WhiteTeam "Tegernsee"]
[BlackTeam "St Ingbert"]
[WhiteTeamCountry "GER"]
[BlackTeamCountry "GER"]

1. Nf3 Nf6 2. c4 c5 3. Nc3 g6 4. d4 cxd4 5. Nxd4 Nc6 6. e4 d6 7. Be2 Nxd4 8. Qxd4 Bg7 9. 0-0 0-0 10. Bg5 Be6 11. Qd2 Qa5 12. Rac1 Rfc8 13. b3 a6 14. Rfd1 b5 15. Bxf6 Bxf6 16. Nd5 Qxd2 17. Nxf6+ Kg7 18. Nh5+ gxh5 19. Rxd2 bxc4 20. bxc4 Rc5 21. Bd3 Rac8 22. Rdc2 f5 23. exf5 Bxf5 24. Bxf5 Rxf5 25. Kf1 1/2-1/2

[Event "AUT-chT 0304"]
[Site "Austria"]
[Date "2004.03.21"]
[Round "11"]
[White "Stanec, Nikolaus"]
[Black "Stangl, Markus"]
[Result "1/2-1/2"]
[WhiteElo "2539"]
[BlackElo "2493"]
[PlyCount "25"]
[EventDate "2003.11.28"]
[EventType "team-tourn"]
[EventRounds "11"]
[EventCountry "AUT"]
[SourceTitle "CBM 097 Extra"]
[Source "ChessBase"]
[SourceDate "2004.01.13"]
[SourceVersion "1"]
[SourceVersionDate "2004.01.13"]
[SourceQuality "1"]
[WhiteTeam "Ansfelden Union"]
[BlackTeam "Jenbach SK Sparkasse"]
[WhiteTeamCountry "AUT"]
[BlackTeamCountry "AUT"]

1. c4 e6 2. Nc3 d5 3. cxd5 exd5 4. d4 c6 5. Bf4 Bf5 6. Nf3 Bd6 7. Bg3 Bxg3 8. hxg3 Nd7 9. Nh4 Ne7 10. e3 Nf6 11. Nxf5 Nxf5 12. Bd3 Nd6 13. Qc2 1/2-1/2

[Event "AUT-chT 0304"]
[Site "Austria"]
[Date "2003.11.29"]
[Round "2"]
[White "Stangl, Markus"]
[Black "Loeffler, Stefan"]
[Result "0-1"]
[WhiteElo "2493"]
[BlackElo "2413"]
[PlyCount "96"]
[EventDate "2003.11.28"]
[EventType "team-tourn"]
[EventRounds "11"]
[EventCountry "AUT"]
[SourceTitle "CBM 097 Extra"]
[Source "ChessBase"]
[SourceDate "2004.01.13"]
[SourceVersion "1"]
[SourceVersionDate "2004.01.13"]
[SourceQuality "1"]
[WhiteTeam "Jenbach SK Sparkasse"]
[BlackTeam "Wiener Neustadt"]
[WhiteTeamCountry "AUT"]
[BlackTeamCountry "AUT"]

1. Nf3 c5 2. c4 g6 3. d4 Bg7 4. e4 Qb6 5. dxc5 Qxc5 6. Bd3 d6 7. h3 b6 8. 0-0 Bb7 9. a3 Qc7 10. Ra2 Nc6 11. Be3 e6 12. b4 Nge7 13. Qd2 0-0 14. Nc3 Rfd8 15. Rc2 Rd7 16. Rd1 Rad8 17. Bg5 Ne5 18. Be2 Nxc4 19. Bxc4 Qxc4 20. Nd5 exd5 21. Rxc4 dxc4 22. Qf4 c3 23. Rc1 Rc8 24. Bf6 Rc4 25. Bxg7 Kxg7 26. Ng5 Ng8 27. Qg3 c2 28. Qd3 Rdc7 29. Qxd6 h6 30. Nf3 Nf6 31. Nd2 Nxe4 32. Nxe4 Bxe4 33. f3 Bf5 34. Qe5+ f6 35. Qe2 Rd4 36. Kh2 g5 37. b5 Kf7 38. f4 Rxf4 39. Qe3 Rfc4 40. Qb3 Be6 41. Qd3 Kg7 42. Qd6 Bf5 43. Qd8 Rd7 44. Qe8 Re4 45. Qc8 Re2 46. Rf1 Rxg2+ 47. Kh1 Rgd2 48. Rxf5 Rd1+ 0-1